| 000 | 00818nam a2200229 i 4500 | ||
|---|---|---|---|
| 001 | 156565 | ||
| 003 | ES-MaACL | ||
| 005 | 20240522063054.0 | ||
| 008 | 040802q18501872fr a |||| | fre d | ||
| 040 |
_aCAM _bspa _cCAM |
||
| 100 | 1 |
_aKarr, Alphonse, _d1808-1890 _9128426 |
|
| 245 | 1 | 4 |
_aUne vérité par semaine / _cpar Alphonse Karr. |
| 260 |
_aParis : _bGue. Barba, _c[s.a.] ( _fTypographie Henri Plon) |
||
| 300 |
_a32 p. : _bil. ; _c30 cm. |
||
| 490 | 1 | _aRomans populaires illustrés | |
| 594 | _aDatos tomados de comienzo del texto. | ||
| 596 | _aImp. tomado de colofón. | ||
| 596 | _aProbablemente impreso entre 1850 y 1870. | ||
| 830 | 0 |
_aRomans populaires illustrés _9182208 |
|
| 852 |
_aES-MaACL _jR-1715(10) _z-- Enc. hol. _z-- Enc. en un vol. facticio |
||
| 999 |
_c156565 _d156565 |
||